000 00327nam a2200133Ia 4500
008 210210b1995 xxu||||| |||| 00| 0 eng d
082 _a158 STAH
100 _aSTAPLES (Walter Doyle).
245 _aHow to win the Life.
260 _aND
_bUBSPD Ltd.
_c1995
300 _a183+38
690 _aApplied Psychology
906 _a050204
999 _c98590
_d98590